Normal view
MARC view
- Hamid, Muhammad
Entry Personal Name
001 - CONTROL NUMBER
- control field: 16178
003 - CONTROL NUMBER IDENTIFIER
- control field: NUST
005 - DATE AND TIME OF LATEST TRANSACTION
- control field: 20190701073926.0
008 - FIXED-LENGTH DATA ELEMENTS
- fixed length control field: 190701|| aca||aabn | a|a d
040 ## - CATALOGING SOURCE
- Original cataloging agency: NUST
- Transcribing agency: NUST
100 ## - HEADING--PERSONAL NAME
- Personal name: Hamid, Muhammad
670 ## - SOURCE DATA FOUND
- Source citation: Work cat.: (NUST): Hamid, Muhammad, Graphene based Carbon Monoxide Gas Sensor Operating at Room Temperature /, 2018.
